General Knowledge #45 - Statistics

General Stats
  • This quiz has been taken 110 times
  • The average score is 12 of 20
Answer Stats
Question Answer % Correct
What country is known as Polska in its own language? Poland
94%
Vanuatu lies in which ocean? Pacific
91%
What is James Bond's preferred drink of choice? Martini
80%
What is the last letter of the Greek alphabet? Omega
79%
Queen Victoria had how many children? 9
78%
A group of lions is called a what? Pride
78%
Another term for the devil. Satan
77%
What is the only mammal that can fly? Bat
71%
Area 51 is in which U.S state? Nevada
67%
What disease can be caused by a lack of Vitamin C? Scurvy
66%
A term for a group of Islands Archipelago
61%
Who was King of England during World War I? George V
59%
He kick started the Protestant Reformation. Martin Luther
58%
What author wrote Jane Eyre? Charlotte Bronte
57%
The Uffizi Gallery is in which Italian city? Florence
52%
What element has the symbol F? Flourine
38%
The UN Security Council has how many members? 15
35%
Gaborone is the capital of which country? Botswana
30%
What does the 'G' in G-Man stand for? Government
20%
Which chemical element has the atomic number 46? Palladium
10%
No matching quizzes found
Score Distribution
Percent of People with Each Score
Percentile by Number Answered
Your Score History
You have not taken this quiz